Domácnosti medzi realitami a financiami: výnosy, ceny a dostupnosť bývania vo V4

Nehnuteľnosti predstavujú pre domácnosti nielen základ bývania, ale aj hlavný spôsob uchovávania majetku. V prostredí nízkych úrokových sadzieb, rastúcich cien bývania a zvýšenej ekonomickej nestability sa vlastníctvo nehnuteľnosti stalo jedným z kľúčových pilierov finančnej istoty. Finančná kríza n...

ver descrição completa

Na minha lista:
Detalhes bibliográficos
Autor principal: Krchnák, Erik, 2000-
Outros Autores: Kotlebová, Jana, 1969-
Formato: Capítulo de Livro
Idioma:eslovaco
Assuntos:
Tags: Adicionar Tag
Sem tags, seja o primeiro a adicionar uma tag!

MARC

LEADER 00000naa a2200000 4500
001 0313965
005 20260113104437.7
041 0 |a slo 
044 |a SK 
245 1 0 |a Domácnosti medzi realitami a financiami: výnosy, ceny a dostupnosť bývania vo V4  |c Erik Krchnák, Jana Kotlebová 
520 |a Nehnuteľnosti predstavujú pre domácnosti nielen základ bývania, ale aj hlavný spôsob uchovávania majetku. V prostredí nízkych úrokových sadzieb, rastúcich cien bývania a zvýšenej ekonomickej nestability sa vlastníctvo nehnuteľnosti stalo jedným z kľúčových pilierov finančnej istoty. Finančná kríza napomohla k zvýšeniu intenzity presunu úspor domácností z finančných aktív smerom k nehnuteľnostiam, ktoré domácnosti považovali za stabilnejšiu a bezpečnejšiu formu kapitálu. Táto tendencia viedla k formovaniu „realitnej ekonomiky“, v ktorej ceny bývania ovplyvňujú nielen bohatstvo domácností, ale aj spotrebu, úverové správanie a makroekonomickú stabilitu. V4 predstavuje špecifický priestor, kde interakcia medzi štruktúrou majetku, rastom cien bývania a úverovým správaním domácností vytvára unikátne výzvy pre hospodársku politiku. Článok analyzuje tieto prepojenia z hľadiska výnosov, majetkovej štruktúry a sociálno-ekonomických dôsledkov. 
610 2 0 |a domácnosti 
610 2 0 |a financie 
610 2 0 |a nehnuteľnosti 
610 2 0 |a úspory 
610 2 0 |a úver 
610 2 0 |a Vyšehradská štvorka 
100 1 |a Krchnák, Erik, 2000- 
700 1 |a Kotlebová, Jana, 1969-